000 00282nam a22001097a 4500
082 _a342.41066
_bSMI
245 _aDE Smith's Judicial Review /
_cEdited by Ivan Hare and et all
260 _aEngland:
_bThomson Reuters,
_c2023.
300 _a999 p.
563 _aHB.
942 _2ddc
_cBK
999 _c614081
_d614081